[Event "Olympiad Women-44"]
[Site "Chennai"]
[Date "2022.08.08"]
[Round "10.4"]
[White "Alvarado Perez, Coralys M"]
[Black "Finnbogadottir, Tinna Kristin"]
[Result "0-1"]
[WhiteElo "1471"]
[BlackElo "1828"]
[PlyCount "100"]
[EventDate "2022.07.29"]
[EventType "team-swiss"]
[EventRounds "11"]
[EventCountry "IND"]
[SourceTitle "CBM 210"]
[Source "ChessBase"]
[SourceDate "2022.10.31"]
[SourceVersion "1"]
[SourceVersionDate "2022.10.31"]
[SourceQuality "1"]
[WhiteTeam "Puerto Rico (W)"]
[BlackTeam "Iceland (W)"]
[WhiteTeamCountry "PUR"]
[BlackTeamCountry "ISL"]

1. e4 c5 2. g3 d5 3. d3 dxe4 4. dxe4 Qxd1+ 5. Kxd1 Nc6 6. c3 Nf6 7. f3 g6 8. Be3 b6 9. Na3 Bg7 10. Bg2 Ba6 11. Kc2 Rd8 12. Bf1 Bb7 13. Ne2 Ne5 14. Bg2 Ba6 15. Nf4 e6 16. Rad1 0-0 17. Rxd8 Rxd8 18. Rd1 Rxd1 19. Kxd1 g5 20. Ne2 g4 21. fxg4 Nexg4 22. Bg1 Bd3 23. Nf4 Bxe4 24. Bxe4 Nxe4 25. Nb5 a5 26. Ne2 Nef2+ 27. Kc2 Nh3 28. Nd6 Nxg1 29. Nxg1 Nxh2 30. Nc4 b5 31. Nxa5 Be5 32. Ne2 Nf1 33. Nb7 Nxg3 34. Nxg3 Bxg3 35. Nxc5 h5 36. Ne4 h4 37. Kd3 Be5 38. Ng5 Kf8 39. b3 Ke7 40. c4 b4 41. Ke4 f6 42. Nh3 Kd6 43. Nf2 Bg3 44. Nd3 f5+ 45. Kf3 e5 46. Nxb4 e4+ 47. Kg2 f4 48. Nc2 Kc5 49. a4 f3+ 50. Kf1 h3 0-1

[Event "Reykjavik Kvika op"]
[Site "Reykjavik"]
[Date "2022.04.10"]
[Round "7"]
[White "Finnbogadottir, Tinna Kristin"]
[Black "Zamvar, Vipin"]
[Result "1/2-1/2"]
[WhiteElo "1848"]
[BlackElo "1620"]
[PlyCount "51"]
[EventDate "2022.04.06"]
[EventType "swiss"]
[EventRounds "9"]
[EventCountry "ISL"]
[SourceTitle "CBM 207 Extra"]
[Source "ChessBase"]
[SourceDate "2022.05.31"]
[SourceVersion "1"]
[SourceVersionDate "2022.05.31"]
[SourceQuality "1"]

1. d4 Nf6 2. Nf3 d5 3. e3 Bf5 4. c4 c6 5. Qb3 Qb6 6. c5 Qc7 7. Bd3 e6 8. Bxf5 exf5 9. Qc2 g6 10. Nc3 Nbd7 11. 0-0 Bg7 12. b4 0-0 13. a4 Ne4 14. Bb2 Nxc3 15. Bxc3 a6 16. g3 Nf6 17. Kg2 Ne4 18. Rfb1 b5 19. Be1 h6 20. Ra2 Ra7 21. Rba1 Rfa8 22. Nd2 Nxd2 23. Bxd2 h5 24. Ra3 Bf6 25. Qa2 Qb7 26. Be1 1/2-1/2

[Event "Reykjavik Kvika op"]
[Site "Reykjavik"]
[Date "2022.04.09"]
[Round "5"]
[White "Finnbogadottir, Tinna Kristin"]
[Black "Bergsson, Stefan"]
[Result "0-1"]
[WhiteElo "1848"]
[BlackElo "2109"]
[PlyCount "128"]
[EventDate "2022.04.06"]
[EventType "swiss"]
[EventRounds "9"]
[EventCountry "ISL"]
[SourceTitle "CBM 207 Extra"]
[Source "ChessBase"]
[SourceDate "2022.05.31"]
[SourceVersion "1"]
[SourceVersionDate "2022.05.31"]
[SourceQuality "1"]

1. d4 Nf6 2. Nf3 g6 3. e3 Bg7 4. Bd3 0-0 5. 0-0 c5 6. c3 d6 7. Nbd2 Nc6 8. Re1 e5 9. dxc5 dxc5 10. Qc2 Qc7 11. e4 Bg4 12. Bf1 Rab8 13. g3 b5 14. Bg2 Rfd8 15. Nf1 h6 16. Be3 c4 17. Rad1 a5 18. h3 Be6 19. a3 Rdc8 20. g4 Nd7 21. Ng3 Nb6 22. Nh2 b4 23. axb4 axb4 24. Qc1 Kh7 25. Bc5 Bf8 26. Bxf8 Rxf8 27. Qe3 Na4 28. Rd2 bxc3 29. bxc3 Rb3 30. Rc1 Nb4 31. Nf5 gxf5 32. gxf5 Bc8 33. Ng4 Qc6 34. Nxe5 Qa6 35. Bf1 Nd3 36. Nxd3 cxd3 37. Bxd3 Qf6 38. e5 Rg8+ 39. Kf1 Qh4 40. Ra1 Rxc3 41. f6+ Kh8 42. Rxa4 Rc1+ 43. Ke2 Qh5+ 44. Qf3 Re1+ 45. Kxe1 Qxf3 46. Rh4 Rg1+ 47. Bf1 Rxf1+ 48. Kxf1 Bxh3+ 49. Ke1 Qh1+ 50. Ke2 Bf1+ 51. Ke1 Qxh4 52. Kxf1 Qh1+ 53. Ke2 Qh5+ 54. f3 Qxe5+ 55. Kf2 Qxf6 56. Re2 h5 57. Kg2 Qg5+ 58. Kf2 f5 59. Re1 h4 60. Rg1 Qd2+ 61. Kf1 h3 62. f4 Qxf4+ 63. Ke2 h2 64. Ra1 Qe5+ 0-1

[Event "EU-Cup Online Gr-B (Women)"]
[Site "Tornelo INT"]
[Date "2020.12.19"]
[Round "1.1"]
[White "Muzychuk, Anna"]
[Black "Finnbogadottir, Tinna Kristin"]
[Result "1-0"]
[WhiteElo "2535"]
[BlackElo "1843"]
[PlyCount "65"]
[EventDate "2020.12.19"]
[EventType "team-tourn (rapid)"]
[EventRounds "7"]
[EventCountry "ISS"]
[SourceTitle "CBM 199 Extra"]
[Source "ChessBase"]
[SourceDate "2021.01.31"]
[SourceVersion "1"]
[SourceVersionDate "2021.01.31"]
[SourceQuality "1"]
[WhiteTeam "Kiev Greco (W)"]
[BlackTeam "Fjolnir (W)"]
[WhiteTeamCountry "UKR"]
[BlackTeamCountry "ISL"]

1. e4 c5 2. Nf3 g6 3. c3 Bg7 4. d4 cxd4 5. cxd4 d5 6. e5 Nc6 7. Bb5 Nh6 8. 0-0 0-0 9. h3 f6 10. Bxc6 bxc6 11. Re1 fxe5 12. Bxh6 Bxh6 13. Nxe5 Qd6 14. Nc3 Qf6 15. Qe2 Bf4 16. Rad1 Qg5 17. Rd3 Ba6 18. Nxc6 Bxd3 19. Qxd3 Bd6 20. g3 Rf7 21. Ne5 Bxe5 22. Rxe5 Qc1+ 23. Qf1 Qxb2 24. Nxd5 Qxd4 25. Nxe7+ Kg7 26. Re2 Raf8 27. Nc6 Qa4 28. Qa1+ Rf6 29. Ne5 Rd8 30. Re1 Qb5 31. Ng4 Qf5 32. Nxf6 Qxf6 33. Re7+ 1-0

[Event "Reykjavik Congress"]
[Site "Reykjavik"]
[Date "2020.01.05"]
[Round "1"]
[White "Finnbogadottir, Tinna Kristin"]
[Black "Heidarsson, Mikael Bjarki"]
[Result "1-0"]
[WhiteElo "1859"]
[BlackElo "1043"]
[PlyCount "57"]
[EventDate "2020.01.05"]
[EventType "swiss"]
[EventRounds "9"]
[EventCountry "ISL"]
[SourceTitle "CBM 194 Extra"]
[Source "ChessBase"]
[SourceDate "2020.03.31"]
[SourceVersion "1"]
[SourceVersionDate "2020.03.31"]
[SourceQuality "1"]

1. e4 c6 2. d4 d5 3. e5 c5 4. c3 Nc6 5. h3 Bf5 6. Bd3 Bxd3 7. Qxd3 e6 8. Nf3 Nge7 9. 0-0 Nf5 10. Be3 Qb6 11. b3 cxd4 12. cxd4 Be7 13. Nc3 0-0 14. Ne2 Ba3 15. Ng3 Bb2 16. Rad1 Nxe3 17. fxe3 Rac8 18. Ng5 g6 19. Nh5 Nb4 20. Nf6+ Kg7 21. Qb1 Ba3 22. Nd7 Qc6 23. Nxf8 Rxf8 24. Rf2 Nc2 25. Qxc2 Qxc2 26. Rxc2 Be7 27. Nf3 f5 28. exf6+ Bxf6 29. Rc7+ 1-0

[Event "Reykjavik Taflfelag op"]
[Site "Reykjavik"]
[Date "2019.10.16"]
[Round "1"]
[White "Sharifa, Rayan"]
[Black "Finnbogadottir, Tinna Kristin"]
[Result "0-1"]
[WhiteElo "1277"]
[BlackElo "1829"]
[PlyCount "56"]
[EventDate "2019.10.16"]
[EventType "swiss"]
[EventRounds "7"]
[EventCountry "ISL"]
[SourceTitle "CBM 193 Extra"]
[Source "ChessBase"]
[SourceDate "2020.01.31"]
[SourceVersion "1"]
[SourceVersionDate "2020.01.31"]
[SourceQuality "1"]

1. d4 d5 2. c4 c6 3. Bf4 Nf6 4. Nc3 e6 5. a3 a5 6. Nf3 Be7 7. e3 Na6 8. Bd3 0-0 9. 0-0 c5 10. cxd5 Nxd5 11. Nxd5 Qxd5 12. Qc2 Qh5 13. dxc5 Nxc5 14. Be2 b6 15. Ne5 Qf5 16. Qxf5 exf5 17. Bf3 Ne4 18. Nc6 Bf6 19. Nd4 Ba6 20. Rfd1 g6 21. Rac1 Rac8 22. Rc7 Rxc7 23. Bxc7 a4 24. Bxb6 Rb8 25. Ba5 Rxb2 26. Bb4 Nxf2 27. Bc6 Nxd1 28. Bxa4 Nxe3 0-1

[Event "ISL-chT2 1921"]
[Site "Reykjavik"]
[Date "2019.10.05"]
[Round "3.1"]
[White "Finnbogadottir, Tinna Kristin"]
[Black "Saemundsson, Bjarni"]
[Result "1-0"]
[WhiteElo "1829"]
[BlackElo "1847"]
[PlyCount "67"]
[EventDate "2019.10.04"]
[EventType "team-tourn"]
[EventRounds "7"]
[EventCountry "ISL"]
[SourceTitle "EXT 2024"]
[Source "ChessBase"]
[SourceDate "2023.10.10"]
[SourceVersion "1"]
[SourceVersionDate "2023.10.10"]
[SourceQuality "1"]
[WhiteTeam "Fjolnis II"]
[BlackTeam "Gardabaer II"]
[WhiteTeamCountry "ISL"]
[BlackTeamCountry "ISL"]

1. e4 c6 2. d4 d5 3. e5 e6 4. Bd3 Nd7 5. Nf3 c5 6. c3 Ne7 7. 0-0 Nc6 8. a3 Be7 9. Re1 0-0 10. Nbd2 Qb6 11. Nf1 Re8 12. Ng3 Nf8 13. b4 cxd4 14. cxd4 Ng6 15. Be3 Bd7 16. h4 Qd8 17. h5 Nh4 18. Nxh4 Bxh4 19. Bc2 Bg5 20. Qd3 g6 21. hxg6 hxg6 22. Nh5 Bxe3 23. Nf6+ Kf8 24. Qxe3 Kg7 25. Nxe8+ Qxe8 26. Qf4 Qe7 27. Re3 Rh8 28. Rh3 Rxh3 29. gxh3 b5 30. Rd1 a5 31. bxa5 Nxa5 32. Ra1 Nc4 33. a4 Na3 34. Qf6+ 1-0

[Event "Akureyri Icelandic op"]
[Site "Akureyri"]
[Date "2019.05.29"]
[Round "6"]
[White "Gunnarsson, Helgi Petur"]
[Black "Finnbogadottir, Tinna Kristin"]
[Result "1-0"]
[WhiteElo "1713"]
[BlackElo "1855"]
[PlyCount "111"]
[EventDate "2019.05.25"]
[EventType "swiss"]
[EventRounds "9"]
[EventCountry "ISL"]
[SourceTitle "CBM 190 Extra"]
[Source "ChessBase"]
[SourceDate "2019.07.15"]
[SourceVersion "1"]
[SourceVersionDate "2019.07.15"]
[SourceQuality "1"]

1. e4 c5 2. Nf3 g6 3. d4 cxd4 4. Nxd4 Bg7 5. Nc3 Nc6 6. Be3 Nf6 7. f3 0-0 8. Qd2 d5 9. Nxc6 bxc6 10. e5 Nd7 11. f4 e6 12. Na4 f6 13. Nc5 Nxc5 14. Bxc5 Rf7 15. 0-0-0 fxe5 16. fxe5 Bxe5 17. Kb1 Rb8 18. Bd4 Bd6 19. Qc3 c5 20. Be5 d4 21. Qg3 Qb6 22. b3 Bxe5 23. Qxe5 a5 24. Bc4 a4 25. Rhe1 axb3 26. cxb3 Ra8 27. Rd2 Qa5 28. Rde2 Bd7 29. Bxe6 Bxe6 30. Qxe6 d3 31. Rf2 Qa7 32. Qxf7+ Qxf7 33. Rxf7 Kxf7 34. Rd1 Rd8 35. Kb2 Rd4 36. Kc3 Ke6 37. Rxd3 Rf4 38. a3 Ke5 39. Rh3 h5 40. Rg3 Kf5 41. Rf3 g5 42. a4 h4 43. Kd3 Kg4 44. h3+ Kf5 45. Ke3 Ke5 46. Rxf4 gxf4+ 47. Kf3 Kd4 48. a5 Kc3 49. a6 Kxb3 50. a7 c4 51. a8Q c3 52. Kxf4 c2 53. Qc6 Kb2 54. Kg4 c1Q 55. Qxc1+ Kxc1 56. Kxh4 1-0

[Event "Akureyri Icelandic op"]
[Site "Akureyri"]
[Date "2019.05.25"]
[Round "1"]
[White "Finnbogadottir, Tinna Kristin"]
[Black "Gunnarsson, Jon Viktor"]
[Result "0-1"]
[WhiteElo "1855"]
[BlackElo "2452"]
[PlyCount "106"]
[EventDate "2019.05.25"]
[EventType "swiss"]
[EventRounds "9"]
[EventCountry "ISL"]
[SourceTitle "CBM 190 Extra"]
[Source "ChessBase"]
[SourceDate "2019.07.15"]
[SourceVersion "1"]
[SourceVersionDate "2019.07.15"]
[SourceQuality "1"]

1. e4 c5 2. c3 Nf6 3. e5 Nd5 4. g3 Nc6 5. Bg2 e6 6. Nf3 b6 7. 0-0 Be7 8. d4 Ba6 9. Re1 0-0 10. Nbd2 cxd4 11. Nxd4 Nxd4 12. cxd4 Bb7 13. a3 Rc8 14. Qh5 f5 15. Nf3 Qe8 16. Qxe8 Rfxe8 17. Bg5 Bxg5 18. Nxg5 Rc2 19. Rab1 Rec8 20. Bf1 Ne7 21. Red1 h6 22. Nh3 Bf3 23. Rd3 Be4 24. Rdd1 g5 25. Bg2 Bxg2 26. Kxg2 Nd5 27. Kf1 f4 28. Ke1 f3 29. g4 Rf8 30. Rd2 Rc4 31. Rbd1 Kg7 32. Rd3 h5 33. Nxg5 hxg4 34. Kd2 Nf4 35. b3 Rc7 36. Rc3 Rxc3 37. Kxc3 Rh8 38. Rh1 Rc8+ 39. Kd2 Ne2 40. h3 Kg6 41. Ne4 Rh8 42. Ke3 gxh3 43. Nd2 Kf5 44. Nxf3 Nf4 45. Nh2 Rc8 46. f3 Rc3+ 47. Kf2 Rc2+ 48. Kg1 Rg2+ 49. Kf1 Ne2 50. Ke1 Ng3 51. Ng4 Nxh1 52. Ne3+ Kf4 53. Nxg2+ hxg2 0-1

[Event "ISL-chT2 1516"]
[Site "Reykjavik"]
[Date "2015.09.26"]
[Round "2.4"]
[White "Finnbogadottir, Tinna Kristin"]
[Black "Birkisson, Bardur Orn"]
[Result "0-1"]
[WhiteElo "1926"]
[BlackElo "1854"]
[PlyCount "112"]
[EventDate "2015.09.25"]
[EventType "team-tourn"]
[EventRounds "7"]
[EventCountry "ISL"]
[SourceTitle "EXT 2017"]
[Source "ChessBase"]
[SourceDate "2016.10.25"]
[SourceVersion "1"]
[SourceVersionDate "2016.10.25"]
[SourceQuality "1"]
[WhiteTeam "Borgarnes"]
[BlackTeam "Reykjavik III"]
[WhiteTeamCountry "ISL"]
[BlackTeamCountry "ISL"]

1. e4 e5 2. Nf3 Nc6 3. d4 exd4 4. Bc4 Nf6 5. 0-0 Nxe4 6. Re1 d5 7. Bxd5 Qxd5 8. Nc3 Qa5 9. Nxe4 Be6 10. Neg5 0-0-0 11. Nxe6 fxe6 12. Rxe6 h6 13. Qe2 g5 14. Bd2 Qd5 15. Rg6 Bc5 16. Qe6+ Qxe6 17. Rxe6 Rde8 18. Rae1 Rxe6 19. Rxe6 Kd7 20. Re4 Kd6 21. h4 Kd5 22. Rg4 Be7 23. hxg5 hxg5 24. Bxg5 Rg8 25. Rf4 Bxg5 26. Rf5+ Kd6 27. Rxg5 Rxg5 28. Nxg5 Nb4 29. c3 dxc3 30. Ne4+ Ke5 31. Nxc3 Nd3 32. Nd1 b5 33. a3 c5 34. Kf1 b4 35. axb4 cxb4 36. g3 a5 37. Ke2 Kd4 38. f4 a4 39. f5 a3 40. f6 Ne5 41. bxa3 bxa3 42. Ne3 Kc3 43. Ng4 Nf7 44. Nf2 a2 45. Ne4+ Kd4 46. Nd2 Kc3 47. Ne4+ Kc2 48. g4 a1Q 49. Ke3 Qe5 50. Kf3 Ng5+ 51. Nxg5 Qxf6+ 52. Ke4 Qxg5 53. Kf3 Kd3 54. Kg3 Ke3 55. Kh2 Kf2 56. Kh3 Qh6# 0-1

[Event "ISL-chT2 1516"]
[Site "Reykjavik"]
[Date "2015.09.26"]
[Round "4.4"]
[White "Petersson, Baldur Teodor"]
[Black "Finnbogadottir, Tinna Kristin"]
[Result "0-1"]
[WhiteElo "1942"]
[BlackElo "1926"]
[PlyCount "102"]
[EventDate "2015.09.25"]
[EventType "team-tourn"]
[EventRounds "7"]
[EventCountry "ISL"]
[SourceTitle "EXT 2017"]
[Source "ChessBase"]
[SourceDate "2016.10.25"]
[SourceVersion "1"]
[SourceVersionDate "2016.10.25"]
[SourceQuality "1"]
[WhiteTeam "Gardabaer"]
[BlackTeam "Borgarnes"]
[WhiteTeamCountry "ISL"]
[BlackTeamCountry "ISL"]

1. e4 c5 2. Nc3 g6 3. g3 Bg7 4. Bg2 Nc6 5. d3 e6 6. f4 d6 7. Nf3 Bd7 8. 0-0 a6 9. a4 Nge7 10. Be3 b6 11. Qd2 0-0 12. g4 d5 13. exd5 exd5 14. d4 Bxg4 15. dxc5 Bxf3 16. Bxf3 d4 17. Qg2 Rc8 18. Rad1 Qe8 19. Ne4 dxe3 20. Nd6 Qd8 21. Nxc8 Qxc8 22. c3 bxc5 23. Rd6 Nb8 24. Bg4 Qc7 25. Rfd1 c4 26. Qe4 Qc5 27. Kh1 Nec6 28. f5 Qe5 29. Qxc4 Ne7 30. fxg6 hxg6 31. R6d4 Qg5 32. Re4 Nbc6 33. Rg1 Ne5 34. Qc5 f5 35. Rxe5 Bxe5 36. Qxe5 Qf6 37. Qxf6 Rxf6 38. Bf3 Kf7 39. b4 Nc6 40. b5 axb5 41. axb5 Ne5 42. Bd5+ Ke7 43. Rb1 Rb6 44. c4 Kd6 45. Kg2 g5 46. Ra1 Kc5 47. Bg8 f4 48. Rd1 f3+ 49. Kg1 Rd6 50. Rxd6 Kxd6 51. Bd5 e2 0-1

[Event "Olympiad Women-41"]
[Site "Tromsoe"]
[Date "2014.08.11"]
[Round "9.3"]
[White "Debowska, Teresa"]
[Black "Finnbogadottir, Tinna Kristin"]
[Result "0-1"]
[WhiteElo "1708"]
[BlackElo "1915"]
[PlyCount "128"]
[EventDate "2014.08.02"]
[EventType "team-swiss"]
[EventRounds "11"]
[EventCountry "NOR"]
[SourceTitle "CBM 162"]
[Source "ChessBase"]
[SourceDate "2014.09.17"]
[SourceVersion "1"]
[SourceVersionDate "2014.09.17"]
[SourceQuality "1"]
[WhiteTeam "IBCA (W)"]
[BlackTeam "Iceland (W)"]
[BlackTeamCountry "ISL"]

1. e4 d5 2. e5 d4 3. f4 Nh6 4. Nf3 e6 5. Be2 Be7 6. 0-0 0-0 7. Ne1 Bd7 8. c3 Bc6 9. d3 dxc3 10. bxc3 Nf5 11. Nf3 Bc5+ 12. Kh1 Be3 13. Na3 Nd7 14. Nc2 Ba4 15. g4 Bxc1 16. Qxc1 Nh4 17. Ne3 Bc6 18. Kg1 Nc5 19. Nxh4 Qxh4 20. Qe1 Qh3 21. Qg3 Qxg3+ 22. hxg3 Rad8 23. Rfd1 Ba4 24. Rdb1 Rb8 25. Kh2 Rfd8 26. d4 Ne4 27. Rc1 c5 28. d5 exd5 29. Nf5 Kf8 30. Bd3 Nf2 31. Be2 g6 32. Nd6 Ne4 33. Bb5 Bxb5 34. Nxb5 a6 35. Na3 d4 36. cxd4 Rxd4 37. Re1 Rd2+ 38. Kh3 Nf2+ 39. Kh4 Nd3 40. Rh1 Nb2 41. Kg5 Kg7 42. Rag1 Rh8 43. Rh6 Nd3 44. Nc4 Re2 45. Nd6 Ne1 46. Rf1 Re3 47. f5 Rxe5 48. Rhh1 f6+ 49. Kh4 Nd3 50. g5 gxf5 51. gxf6+ Kxf6 52. g4 f4 53. g5+ Kg6 54. Rhg1 b5 55. Rf3 c4 56. a4 Rd8 57. Nb7 Rd7 58. Na5 Rc7 59. axb5 axb5 60. Rg4 Re2 61. Rgxf4 Nxf4 62. Rxf4 Re6 63. Rf8 Ra6 64. Rg8+ Kf7 0-1

[Event "Olympiad Women-41"]
[Site "Tromsoe"]
[Date "2014.08.10"]
[Round "8.3"]
[White "Sikorova, Olga"]
[Black "Finnbogadottir, Tinna Kristin"]
[Result "1-0"]
[WhiteElo "2289"]
[BlackElo "1915"]
[PlyCount "85"]
[EventDate "2014.08.02"]
[EventType "team-swiss"]
[EventRounds "11"]
[EventCountry "NOR"]
[SourceTitle "CBM 162"]
[Source "ChessBase"]
[SourceDate "2014.09.17"]
[SourceVersion "1"]
[SourceVersionDate "2014.09.17"]
[SourceQuality "1"]
[WhiteTeam "Czech Republic (W)"]
[BlackTeam "Iceland (W)"]
[WhiteTeamCountry "CZE"]
[BlackTeamCountry "ISL"]

1. c4 Nf6 2. Nc3 c5 3. g3 g6 4. Bg2 Bg7 5. a3 Nc6 6. Rb1 a5 7. d3 d6 8. Nf3 0-0 9. 0-0 Be6 10. e4 h6 11. Bd2 Rb8 12. h3 Nd7 13. Kh2 f5 14. Nh4 Kh7 15. exf5 Bxf5 16. Nxf5 gxf5 17. Nd5 Nd4 18. b4 e6 19. Nf4 axb4 20. axb4 b5 21. cxb5 Rxb5 22. Be3 Qe7 23. Qh5 Ne5 24. bxc5 Rxb1 25. Rxb1 dxc5 26. Bxd4 cxd4 27. Rb6 Rf6 28. Qe2 Qc7 29. Rb7 Qc5 30. Qa2 Rf7 31. Rxf7 Nxf7 32. Qxe6 Ne5 33. Qxf5+ Kg8 34. Bd5+ Kh8 35. Kg2 Qd6 36. Qc8+ Bf8 37. Be4 Nd7 38. Ng6+ Kg8 39. Nxf8 Nxf8 40. Qf5 Kg7 41. h4 Qe7 42. Qg4+ Kh8 43. Bd5 1-0

[Event "Olympiad Women-41"]
[Site "Tromsoe"]
[Date "2014.08.08"]
[Round "6.3"]
[White "Finnbogadottir, Tinna Kristin"]
[Black "Borsuk, Angela"]
[Result "0-1"]
[WhiteElo "1915"]
[BlackElo "2198"]
[PlyCount "72"]
[EventDate "2014.08.02"]
[EventType "team-swiss"]
[EventRounds "11"]
[EventCountry "NOR"]
[SourceTitle "CBM 162"]
[Source "ChessBase"]
[SourceDate "2014.09.17"]
[SourceVersion "1"]
[SourceVersionDate "2014.09.17"]
[SourceQuality "1"]
[WhiteTeam "Iceland (W)"]
[BlackTeam "Israel (W)"]
[WhiteTeamCountry "ISL"]
[BlackTeamCountry "ISR"]

1. e4 d6 2. d4 Nf6 3. Nc3 e5 4. Nf3 Nbd7 5. Bc4 Be7 6. 0-0 0-0 7. Re1 c6 8. a4 b6 9. Ba2 a6 10. dxe5 dxe5 11. Nh4 Nxe4 12. Nxe4 Bxh4 13. Nd6 Nc5 14. Be3 Be6 15. Bxc5 bxc5 16. Bxe6 fxe6 17. Ne4 Qxd1 18. Raxd1 Rad8 19. g3 Be7 20. b3 Rd4 21. c3 Rd5 22. Kf1 Rb8 23. Rb1 Rd7 24. Ke2 Kf7 25. Red1 Rdb7 26. Nd2 Kg6 27. Kd3 Bg5 28. Kc2 Bxd2 29. Rxd2 c4 30. b4 a5 31. Rd6 axb4 32. Rxe6+ Kf5 33. Rxc6 b3+ 34. Kb2 Rd7 35. Rxc4 Rd2+ 36. Ka3 Ra2# 0-1

[Event "ISL-ch sf"]
[Site "Kopavogur"]
[Date "2014.06.01"]
[Round "9"]
[White "Finnbogadottir, Tinna Kristin"]
[Black "Birkisson, Bjorn Holm"]
[Result "1-0"]
[WhiteElo "1930"]
[BlackElo "1593"]
[PlyCount "57"]
[EventDate "2014.05.23"]
[EventType "swiss"]
[EventRounds "9"]
[EventCountry "ISL"]
[SourceTitle "CBM 160 Extra"]
[Source "ChessBase"]
[SourceDate "2014.07.01"]
[SourceVersion "1"]
[SourceVersionDate "2014.07.01"]
[SourceQuality "1"]

1. e4 e5 2. Nf3 Nc6 3. Bc4 Bc5 4. 0-0 Nf6 5. d4 Bxd4 6. Nxd4 Nxd4 7. f4 d6 8. fxe5 dxe5 9. Bg5 Ne6 10. Qxd8+ Nxd8 11. Bxf6 gxf6 12. Nc3 c6 13. Rxf6 Rg8 14. Raf1 Rg7 15. R1f3 Be6 16. Bxe6 Nxe6 17. R6f5 Ke7 18. Rxe5 f6 19. Rh5 Rd8 20. e5 fxe5 21. Rxe5 Rdg8 22. g3 Kd6 23. Rh5 Kc7 24. Ne2 Ng5 25. Rf5 Ne4 26. Nf4 Rd7 27. Ne6+ Kb6 28. Rh4 Nd6 29. Rb4+ 1-0

[Event "Reykjavik op"]
[Site "Reykjavik"]
[Date "2014.03.11"]
[Round "9"]
[White "Finnbogadottir, Tinna Kristin"]
[Black "Halldorsson, Jon Arni"]
[Result "0-1"]
[WhiteElo "1921"]
[BlackElo "2185"]
[PlyCount "116"]
[EventDate "2014.03.04"]
[EventType "swiss"]
[EventRounds "10"]
[EventCountry "ISL"]
[SourceTitle "CBM 159 Extra"]
[Source "ChessBase"]
[SourceDate "2014.04.24"]
[SourceVersion "1"]
[SourceVersionDate "2014.04.24"]
[SourceQuality "1"]

1. e4 e6 2. d3 d5 3. Nd2 c5 4. Ngf3 Nc6 5. g3 Bd6 6. Bg2 Nge7 7. 0-0 0-0 8. Nh4 Bd7 9. f4 f6 10. c3 Be8 11. f5 dxe4 12. dxe4 Bf7 13. Bh3 exf5 14. Nxf5 Be5 15. Qg4 Nxf5 16. exf5 Qd3 17. Ne4 h5 18. Qf3 Qxf3 19. Rxf3 Bd5 20. Re3 b6 21. Bg2 Ne7 22. Re1 Rad8 23. Rf1 Bc4 24. Be3 Bxf1 25. Rxf1 Rd3 26. Bc1 Rfd8 27. Bf3 Rxf3 28. Rxf3 Rd1+ 29. Rf1 Rxf1+ 30. Kxf1 Nxf5 31. Kg2 g5 32. Kf3 Kf7 33. h3 Ne7 34. c4 Ke6 35. b3 Bd4 36. g4 h4 37. Nf2 Bxf2 38. Kxf2 Nc6 39. Kf3 Nb4 40. a3 Nc2 41. Ke4 a5 42. Bb2 Ne1 43. Bc3 Nc2 44. Bb2 Nd4 45. Bxd4 cxd4 46. b4 axb4 47. axb4 f5+ 48. gxf5+ Kf6 49. c5 bxc5 50. bxc5 g4 51. hxg4 h3 52. Kf3 d3 53. c6 h2 54. Kg2 d2 55. c7 h1Q+ 56. Kxh1 d1Q+ 57. Kg2 Qc2+ 58. Kg3 Qb3+ 0-1

[Event "Reykjavik op"]
[Site "Reykjavik"]
[Date "2014.03.04"]
[Round "1"]
[White "Bagi, Mate"]
[Black "Finnbogadottir, Tinna Kristin"]
[Result "0-1"]
[WhiteElo "2385"]
[BlackElo "1921"]
[PlyCount "84"]
[EventDate "2014.03.04"]
[EventType "swiss"]
[EventRounds "10"]
[EventCountry "ISL"]
[SourceTitle "CBM 159 Extra"]
[Source "ChessBase"]
[SourceDate "2014.04.24"]
[SourceVersion "1"]
[SourceVersionDate "2014.04.24"]
[SourceQuality "1"]

1. e4 c5 2. Nf3 g6 3. Bc4 Nc6 4. c3 Bg7 5. d4 d6 6. 0-0 e6 7. Bf4 cxd4 8. cxd4 Nge7 9. Nc3 d5 10. Bb3 dxe4 11. Nxe4 0-0 12. Bg5 Qa5 13. Qc1 Nf5 14. Rd1 Nfxd4 15. Nxd4 Nxd4 16. Qe3 e5 17. Bf6 Qb6 18. Bxg7 Kxg7 19. Rac1 Nxb3 20. Qxb3 Qxb3 21. axb3 Be6 22. Nc5 Rfe8 23. Nxe6+ Rxe6 24. Rc7 Rc6 25. Rxb7 Rd8 26. Rf1 Rd2 27. Rxa7 Rxb2 28. Ra5 e4 29. Rb5 Rcc2 30. Re5 Re2 31. h4 f6 32. Re7+ Kh6 33. g3 Rxb3 34. Kg2 Rbb2 35. Kg1 Ra2 36. Re6 f5 37. Re7 Rab2 38. Re6 Kh5 39. Re7 h6 40. Re5 Kg4 41. Re6 e3 42. Rxg6+ Kh3 0-1

[Event "EU-chT (Women) 19th"]
[Site "Warsaw"]
[Date "2013.11.17"]
[Round "9.59"]
[White "Finnbogadottir, Tinna Kristin"]
[Black "Grigoryan, Meri"]
[Result "1-0"]
[WhiteElo "1882"]
[BlackElo "2039"]
[PlyCount "107"]
[EventDate "2013.11.08"]
[EventType "team-swiss"]
[EventRounds "9"]
[EventCountry "POL"]
[SourceTitle "EXT 2014"]
[Source "ChessBase"]
[SourceDate "2013.11.20"]
[SourceVersion "1"]
[SourceVersionDate "2013.11.20"]
[SourceQuality "1"]
[WhiteTeam "Iceland (W)"]
[BlackTeam "England (W)"]
[WhiteTeamCountry "ISL"]
[BlackTeamCountry "ENG"]

1. e4 c6 2. d3 d5 3. Nd2 dxe4 4. Nxe4 Qc7 5. Nf3 Bf5 6. Be3 e6 7. Be2 Nd7 8. Ng3 Bd6 9. Qd2 Ne7 10. Bd4 Bf4 11. Be3 Bd6 12. Nh5 0-0-0 13. c4 Nc5 14. Bxc5 Bxc5 15. b4 Bd4 16. Rb1 e5 17. Nxd4 Rxd4 18. Ng3 Bg6 19. Qc3 Rhd8 20. Rd1 Qd7 21. 0-0 h5 22. h3 f6 23. Qa3 Kb8 24. Ne4 Nf5 25. Nc5 Qc8 26. b5 Nh4 27. Rb1 b6 28. Na6+ Ka8 29. f3 Bxd3 30. Bxd3 Rxd3 31. Qa4 Rd2 32. Rf2 Rxf2 33. Kxf2 Rd2+ 34. Kf1 Qd7 35. Qb3 Nxg2 36. c5 cxb5 37. cxb6 axb6 38. Rc1 Nf4 39. Qg8+ Kb7 40. Rc7+ Qxc7 41. Nxc7 Kxc7 42. Qxg7+ Kc6 43. Qxf6+ Rd6 44. Qf5 Rd1+ 45. Kf2 Rd2+ 46. Ke1 Rxa2 47. Qc8+ Kd6 48. Qd8+ Kc5 49. Qe7+ Kd4 50. Qb4+ Kd3 51. Qb3+ Kd4 52. Qxa2 Nd3+ 53. Kd2 b4 54. Qb3 1-0